Statistiche per Quiz sul Principato di Andorra

Clicka qui per fare il quiz!

Statistiche generali

  • Questo quiz è stato fatto 912 volte
  • Il punteggio medio è 9 su 15

Statistiche sulle risposte

DomandaRisposta% Corretto
Nazioni con cui confinaFrancia
95%
Nazioni con cui confinaSpagna
95%
Città capitaleAndorra la {Vella}
94%
Nome della catena montuosa su cui si trova il piccolo StatoPirenei
86%
ValutaEuro
83%
Numero di medaglie olimpiche vinte complessivamenteZero
69%
Lingua ufficialeCatalano
67%
Nome completo ufficiale (in italiano)Principato di Andorra
65%
La capitale di Andorra è la più ____ d'EuropaAlta
64%
Settore che produce circa l'80% del PILTurismo
56%
Tecnicamente Andorra è stata in guerra dal 1914 al 1958 con quale Paese?Germania
50%
Re franco considerato il fondatore della micronazioneCarlo Magno
34%
Forma di governoDiarchia
26%
Co-principe di AndorraPresidente della Francia
25%
Co-principe di AndorraVescovo di Urgell
16%

Distribuzione punteggi

Percentile per numero di risposta

Percentuale di utenti per punteggio

I tuoi punteggi nel tempo

Non hai fatto questo quiz